Word Ladder: Olympic Sport Quiz Stats

 Plays Quiz Updated Mar 24, 2016

Challenge
Share
Tweet
Embed
Score 0/18 Timer 02:00
0 Plays Today
Clue 4-Letter Word % Correct
There are five of these in the Olympic symbolRING
98.7%
Movie: ____ with the WindGONE
93.4%
Brother of LisaBART
91.2%
Break windFART
90.3%
The outer covering of an orangeRIND
87.7%
Paleontological findBONE
83.9%
Exposed to the elementsBARE
83.2%
Drill a holeBORE
82.2%
Reason for an R ratingGORE
81.4%
Clue 4-Letter Word % Correct
Large bell soundBONG
80.9%
It's a 'terrible thing to waste'MIND
80.5%
Gold digger's destinationMINE
80.4%
Old West trading postFORT
67.2%
Bog downMIRE
64.4%
Glutton's desireMORE
62.4%
'Beetle Bailey' creator WalkerMORT
59.1%
With [Last Rung], the common name of an Olympic SportPING
53.6%
With [First Rung], the common name of an Olympic SportPONG
52.9%

Today's Daily Dose

Missing Word
Hayao Miyazaki

Word Ladder
Florida

On This Day
December 13th II

You're not logged in!

Compare scores with friends on all Sporcle quizzes.
OR
Log In

You Might Also Like...

Show Comments

Extras

Top Quizzes Today


Score Distribution

Your Account Isn't Verified!

In order to create a playlist on Sporcle, you need to verify the email address you used during registration. Go to your Sporcle Settings to finish the process.

Report this User

Report this user for behavior that violates our Community Guidelines.

Details: